00513nam a2200169Ia 450000500170000000800410001702000150005808200130007310000150008624500350010126000320013630000170016850000400018594200060022595200970023199900150032820250519015346.0240331s9999 xx 000 0 und d a9559318055 bJAYa362 aJayakody,S 0aStreenta erehi prachandathwaya aColombobKantha Hnatac1995 avii, 44 p ., aA Book about Violence Against Women cL 001040708LaWERCLbWERCLcSSCd2024-03-31l0o 362.8 JAYp5218r2024-03-31w2024-03-31yL c5274d5274